PHARMACOLOGY FOR NURSES (Record no. 21900)

MARC details
000 -LEADER
fixed length control field 00342nam a22001577a 4500
003 - CONTROL NUMBER IDENTIFIER
control field SGT
020 ## - INTERNATIONAL STANDARD BOOK NUMBER
International Standard Book Number 9789352703791
082 ## - DEWEY DECIMAL CLASSIFICATION NUMBER
Classification number 615
Item number P19U
100 ## - MAIN ENTRY--PERSONAL NAME
Personal name UDAYKUMAR, PADMAJA
245 ## - TITLE STATEMENT
Title PHARMACOLOGY FOR NURSES
250 ## - EDITION STATEMENT
Edition statement 4TH
260 ## - PUBLICATION, DISTRIBUTION, ETC. (IMPRINT)
Place of publication, distribution, etc INDIA
Name of publisher, distributor, etc JAYPEE PUB
Year of Publication 2019
300 ## - PAGE DESCRIPTION
No. of Pages 461
650 ## - SUBJECT ADDED ENTRY--TOPICAL TERM
Topical term or geographic name as entry element PHARMACOLOGY
942 ## - ADDED ENTRY ELEMENTS (KOHA)
Source of classification or shelving scheme Dewey Decimal Classification
Koha item type Books
942 ## - ADDED ENTRY ELEMENTS (KOHA)
-- 143
Holdings
Withdrawn status Lost status Source of classification or shelving scheme Damaged status Not for loan Collection code Home library Current library Shelving location Date acquired Vendor Name SGTU Bill Number Total Checkouts Full call number Accession No. (Barcode) Date last seen Date last borrowed Bill Date Koha item type Total Renewals
    Dewey Decimal Classification     NURSING SGT Medical Library SGT Medical Library Text Book 29/09/2021 JAYPEE PUB SGTU N5/INV/-1/21-00077 28 615 P19U FN4296 17/06/2025 16/06/2025   Books  
    Dewey Decimal Classification     NURSING SGT Medical Library SGT Medical Library Text Book 29/09/2021 JAYPEE PUB SGTU N5/INV/-1/21-00077 46 615 P19U FN4297 26/11/2025 12/11/2025   Books  
    Dewey Decimal Classification     NURSING SGT Medical Library SGT Medical Library Text Book 29/09/2021 JAYPEE PUB SGTU N5/INV/-1/21-00077 41 615 P19U FN4298 02/06/2026 25/05/2026   Books  
    Dewey Decimal Classification     NURSING SGT Medical Library SGT Medical Library Text Book 29/09/2021 JAYPEE PUB SGTU N5/INV/-1/21-00077 53 615 P19U FN4299 11/05/2026 29/04/2026   Books 1
    Dewey Decimal Classification     NURSING SGT Medical Library SGT Medical Library Text Book 29/09/2021 JAYPEE PUB SGTU N5/INV/-1/21-00077 4 615 P19U FN4300 24/09/2024 09/09/2024   Books